A memoir of the Mughal Empire : (Record no. 104582)

MARC details
000 -LEADER
fixed length control field 00711nam a22002057a 4500
005 - DATE AND TIME OF LATEST TRANSACTION
control field 20161110163158.0
010 ## - LCCN (DPL NO)
LC control number ENG-116515
020 ## - INTERNATIONAL STANDARD BOOK NUMBER
International Standard Book Number 9789350980477
Terms of availability 1095.00
035 ## - SYSTEM CONTROL NUMBER
System control number EN-100047
037 ## - SOURCE OF ACQUISITION
Source of stock number/acquisition DBAD/PUB
082 ## - DEWEY DECIMAL CLASSIFICATION NUMBER
Classification number 954.023
100 ## - MAIN ENTRY--PERSONAL NAME
Personal name Lauriston, Jean Law de
245 ## - TITLE STATEMENT
Title A memoir of the Mughal Empire :
Statement of responsibility, etc by Jean Law de Lauriston ; trancleted by H.S. Cheema
Remainder of title events of 1757-1761 /
260 ## - PUBLICATION, DISTRIBUTION, ETC. (IMPRINT)
Place of publication, distribution, etc New Delhi
Name of publisher, distributor, etc Manohar Publisher & Distributors
Date of publication, distribution, etc 2014
270 ## - ADDRESS
Address 4753/23 Ansari Road,Daryaganj
City New Delhi
Postal code 110002
300 ## - PHYSICAL DESCRIPTION
Extent 196p.
Dimensions 22cm (Hb)
500 ## - GENERAL NOTE
General note Includes bibliographical references and index
700 ## - ADDED ENTRY--PERSONAL NAME
Personal name Cheema, H.S.
942 ## - ADDED ENTRY ELEMENTS (KOHA)
Source of classification or shelving scheme Dewey Decimal Classification
Item type English Books
Classification part 954.023
Call number suffix LAU
Holdings
Withdrawn status Lost status Not for loan Collection code Home library Current library Date acquired Source of acquisition Cost, normal purchase price Full call number Barcode Copy number Cost, replacement price Koha item type
    Not For Loan Non-fiction D.B.Act.Division Bawana 10/11/2016 DBAD/PUB 1095.00 954.023 LAU EN-100047 1 1095.00 English Books

© Delhi Public Library
Hit Counter
free hit counter